Fundamentals of metal deposition
保存先:
| 主要な著者: | , |
|---|---|
| フォーマット: | 図書 |
| 言語: | 英語 |
| 出版事項: |
Amsterdam
Elsevier Publishing Company
1967
|
| 版: | 1a. ed |
| 主題: | |
| タグ: |
タグ追加
タグなし, このレコードへの初めてのタグを付けませんか!
|
MARC
| LEADER | 00000cam a2200000 a 4500 | ||
|---|---|---|---|
| 001 | UCC6718 | ||
| 003 | CL-VaPUC | ||
| 008 | 190103e19670000ne |||||||||||||||||eng|d | ||
| 082 | 0 | 4 | |a 541.3723 |b RAU |2 21 |
| 100 | 0 | |a Raub, E |e author |9 601188 | |
| 700 | 0 | |a Muller, K |e author |9 601189 | |
| 245 | 1 | 0 | |a Fundamentals of metal deposition |
| 250 | |a 1a. ed | ||
| 300 | |a 268 p | ||
| 942 | |c BK | ||
| 945 | |d 20190103 17:32:00 |a dcastane | ||
| 260 | |a Amsterdam |b Elsevier Publishing Company |c 1967 | ||
| 650 | 7 | |a LIQUIDOS IONICOS |2 CL-VaPUC |9 534397 | |
| 650 | 7 | |a ELECTRODEPOSITACION |2 CL-VaPUC |9 534398 | |
| 650 | 7 | |a SOLUCIONES ELECTROLITICAS |2 CL-VaPUC |9 405615 | |
| 583 | |a last modification |c 20190103 17:32:00 |k Rodrigo Vera | ||
| 999 | |c 373585 |d 373583 | ||
| 952 | |0 0 |1 0 |3 erd |4 0 |6 541_372300000000000_RAU_1967 |7 0 |8 A |9 491777 |a BIBING |b BIBING |i 5527333 |o 541.3723 RAU 1967 |p 5527333 |r 2025-01-20 |w 2019-11-24 |y BK |z Catalogado en:20190103 |k EIQ | ||